| 000 | 00569nam a22001817a 4500 | ||
|---|---|---|---|
| 005 | 20231207123557.0 | ||
| 008 | 231207b |||||||| |||| 00| 0 eng d | ||
| 020 | _a9781485128021 ; 9781485128120 | ||
| 041 | _aEnglish | ||
| 082 | _a348 JUT | ||
| 100 | _lEnglish | ||
| 245 |
_aJuta's Statutes of South Africa / _cJUTA'S STATUTES EDITORS |
||
| 250 | _aTwenty-Seventh Edition | ||
| 260 |
_aCape Town : _bJuta and Company (Pty) Ltd, _c2017 |
||
| 300 |
_b380 pages ; _c26,5 cm. |
||
| 650 |
_aLegal practice _bLaw |
||
| 942 |
_cBK _6ALISON_BN_VRIES |
||
| 999 |
_c1160 _d1160 |
||